[Event "Eastern Asia-ch U20 Girls"]
[Site "Kota Kinabalu"]
[Date "2023.12.04"]
[Round "4"]
[White "Edithso, Samantha"]
[Black "Sreekarthika, Velmurugan"]
[Result "1-0"]
[WhiteElo "1869"]
[BlackElo "1524"]
[PlyCount "125"]
[EventDate "2023.12.02"]
[EventType "swiss"]
[EventRounds "9"]
[EventCountry "MAS"]
[SourceTitle "CB50_2023"]
[SourceDate "2023.12.13"]
[SourceVersion "1"]
[SourceVersionDate "2023.12.13"]
[SourceQuality "1"]

1. e4 e5 2. Nf3 Nc6 3. d4 exd4 4. Bc4 Bc5 5. c3 Nf6 6. 0-0 Nxe4 7. Re1 d5 8. cxd4 Bb4 9. Rxe4+ dxe4 10. Ng5 Qxd4 11. Qb3 Na5 12. Bb5+ c6 13. Qxf7+ Kd8 14. Qh5 g6 15. Qe2 Qc5 16. Qd1+ Ke8 17. Be2 Bf5 18. Be3 Qd5 19. Qf1 h6 20. a3 Bd6 21. Nc3 Qe5 22. g3 hxg5 23. Qd1 Qe7 24. Bxg5 Qxg5 25. Qxd6 Qe7 26. Qd4 Rf8 27. Qa4 b6 28. b4 Nb7 29. Qxc6+ Kf7 30. Nd5 Qd7 31. Qf6+ Kg8 32. Ne7+ Kh7 33. Qh4+ Kg7 34. Rd1 Qc7 35. g4 Be6 36. Qg5 Rf6 37. Nd5 Bxd5 38. Rxd5 Rd8 39. Re5 Nd6 40. Qh4 Rdf8 41. g5 R6f7 42. Qh6+ Kg8 43. Re6 Rg7 44. Rxg6 Rf5 45. h4 e3 46. Rxd6 Rxf2 47. Qe6+ Kf8 48. Bh5 Re7 49. Qh6+ Kg8 50. Rg6+ Rg7 51. Rxg7+ Qxg7 52. Qe6+ Kh8 53. Qxe3 Ra2 54. Be2 Ra1+ 55. Kg2 Qb7+ 56. Bf3 Ra2+ 57. Kh3 Qd7+ 58. Bg4 Qd2 59. Qe5+ Kh7 60. Bf5+ Kg8 61. Qe8+ Kg7 62. Qe7+ Kg8 63. Be6+ 1-0

[Event "Asia-ch Blitz U20 Girls"]
[Site "Jamshedpur"]
[Date "2023.09.15"]
[Round "5"]
[White "Edithso, Samantha"]
[Black "Arya, G Mallar"]
[Result "1-0"]
[WhiteElo "1934"]
[BlackElo "1411"]
[PlyCount "69"]
[EventDate "2023.09.15"]
[EventType "swiss (blitz)"]
[EventRounds "9"]
[EventCountry "IND"]
[SourceTitle "EXT 2024"]
[Source "ChessBase"]
[SourceDate "2023.10.10"]
[SourceVersion "1"]
[SourceVersionDate "2023.10.10"]
[SourceQuality "1"]

1. e4 e6 2. d4 d5 3. Nc3 Nf6 4. e5 Nfd7 5. f4 c5 6. Nf3 Nc6 7. Be3 Qb6 8. Qd2 Qxb2 9. Rb1 Qa3 10. Be2 Qa5 11. 0-0 Be7 12. Rb5 Qc7 13. f5 exf5 14. Nxd5 Qd8 15. Nxe7 Qxe7 16. Bg5 Qe6 17. d5 Qg6 18. Nh4 Ncxe5 19. Nxg6 Nxg6 20. Bd3 0-0 21. Bxf5 b6 22. h4 Ba6 23. Bxd7 Bxb5 24. Bxb5 Rac8 25. h5 Ne5 26. Qf4 f6 27. Qg3 fxg5 28. Qxe5 Rfd8 29. d6 h6 30. Bc4+ Kh8 31. Rf7 Rg8 32. Bd3 Rce8 33. Qf5 g6 34. Qf6+ Rg7 35. Qxg7# 1-0

[Event "Asia-ch Blitz U20 Girls"]
[Site "Jamshedpur"]
[Date "2023.09.15"]
[Round "3"]
[White "Edithso, Samantha"]
[Black "Patil, Disha"]
[Result "1-0"]
[WhiteElo "1934"]
[BlackElo "1617"]
[PlyCount "97"]
[EventDate "2023.09.15"]
[EventType "swiss (blitz)"]
[EventRounds "9"]
[EventCountry "IND"]
[SourceTitle "EXT 2024"]
[Source "ChessBase"]
[SourceDate "2023.10.10"]
[SourceVersion "1"]
[SourceVersionDate "2023.10.10"]
[SourceQuality "1"]

1. b4 d5 2. Bb2 Nf6 3. Nf3 Bf5 4. e3 c6 5. Be2 e6 6. a3 Nbd7 7. 0-0 Bd6 8. d3 0-0 9. Nbd2 h6 10. c4 dxc4 11. Nxc4 Bc7 12. h3 b5 13. Nce5 Nxe5 14. Nxe5 Bxe5 15. Bxe5 Nd7 16. Bb2 c5 17. Qb3 cxb4 18. axb4 Nb6 19. Qc3 f6 20. Qb3 Kh8 21. e4 Bg6 22. Qxe6 Bf7 23. Qg4 Qd6 24. Bc3 Na4 25. Bd2 Rac8 26. Rac1 Be6 27. Qh4 Kh7 28. Qh5 a6 29. f4 Qd4+ 30. Kh1 Nc3 31. Ra1 Nxe2 32. Qxe2 Rc6 33. Be3 Qxb4 34. Rfc1 Rfc8 35. Rxc6 Rxc6 36. d4 Bc4 37. Qg4 Be6 38. Qf3 Bc4 39. e5 Rc8 40. Qe4+ Kh8 41. exf6 gxf6 42. f5 Qb2 43. Re1 Rg8 44. Bxh6 Bd3 45. Qf3 Bxf5 46. Re2 Qb1+ 47. Kh2 Bh7 48. Qxf6+ Rg7 49. Qxg7# 1-0

[Event "Asia-ch Blitz U20 Girls"]
[Site "Jamshedpur"]
[Date "2023.09.15"]
[Round "6"]
[White "Saparya, Ghosh"]
[Black "Edithso, Samantha"]
[Result "0-1"]
[WhiteElo "1508"]
[BlackElo "1934"]
[PlyCount "108"]
[EventDate "2023.09.15"]
[EventType "swiss (blitz)"]
[EventRounds "9"]
[EventCountry "IND"]
[SourceTitle "EXT 2024"]
[Source "ChessBase"]
[SourceDate "2023.10.10"]
[SourceVersion "1"]
[SourceVersionDate "2023.10.10"]
[SourceQuality "1"]

1. d4 Nf6 2. c4 g6 3. g3 Bg7 4. Bg2 0-0 5. Nc3 c6 6. Nf3 d5 7. Ne5 dxc4 8. Nxc4 Be6 9. Ne5 Nbd7 10. Nf3 Nb6 11. 0-0 Bg4 12. Ne5 Qc8 13. Nxg4 Qxg4 14. h3 Qd7 15. Qd3 Rfd8 16. Rd1 Nfd5 17. a3 Rac8 18. e4 Nc7 19. Be3 Ne8 20. Rac1 e6 21. Qe2 Qe7 22. Na2 Nd6 23. Nb4 Nb5 24. e5 Nd5 25. Nxd5 exd5 26. b4 Nxa3 27. Qa2 Nb5 28. Bf1 a6 29. Qd2 Re8 30. f4 Bf8 31. Rb1 Na3 32. Rb3 Nc4 33. Qf2 Nxe3 34. Qxe3 Ra8 35. Ra1 Qc7 36. Qc3 Qb6 37. Kh2 f6 38. Bd3 fxe5 39. fxe5 Bh6 40. Qc5 Qc7 41. Rf1 Rf8 42. Rbb1 b6 43. Qc3 b5 44. Qc5 a5 45. bxa5 Rxa5 46. Rxf8+ Bxf8 47. Qc2 Qa7 48. Qxc6 Ra2+ 49. Kh1 Qxd4 50. Qe6+ Kg7 51. Qf6+ Kg8 52. Qe6+ Kg7 53. Qf6+ Kg8 54. e6 Qxf6 0-1

[Event "Asia-ch U20 Girls"]
[Site "Jamshedpur"]
[Date "2023.09.12"]
[Round "5"]
[White "Modipalli, Deekshitha"]
[Black "Edithso, Samantha"]
[Result "1-0"]
[WhiteElo "1390"]
[BlackElo "1816"]
[PlyCount "55"]
[EventDate "2023.09.09"]
[EventType "swiss"]
[EventRounds "9"]
[EventCountry "IND"]
[SourceTitle "EXT 2024"]
[Source "ChessBase"]
[SourceDate "2023.10.10"]
[SourceVersion "1"]
[SourceVersionDate "2023.10.10"]
[SourceQuality "1"]

1. d4 Nf6 2. c4 g6 3. Nc3 Bg7 4. Nf3 0-0 5. Bg5 h6 6. Bh4 c6 7. e4 g5 8. Bg3 d5 9. e5 Ne4 10. cxd5 Nxc3 11. bxc3 Qxd5 12. Be2 Bf5 13. 0-0 Nd7 14. c4 Qa5 15. Qb3 Qb6 16. Qa3 e6 17. h3 c5 18. d5 Be4 19. dxe6 Qxe6 20. Rfe1 Qc6 21. Rad1 Nb6 22. Qe3 Rad8 23. Nd2 Bxg2 24. Kh2 f5 25. exf6 Rfe8 26. f7+ Kh8 27. fxe8Q+ Rxe8 28. Qd3 1-0

[Event "Asia-ch Rapid U20 Girls"]
[Site "Jamshedpur"]
[Date "2023.09.08"]
[Round "2"]
[White "Edithso, Samantha"]
[Black "Vakcheri, Mohitha"]
[Result "1-0"]
[WhiteElo "1850"]
[BlackElo "1537"]
[PlyCount "71"]
[EventDate "2023.09.08"]
[EventType "swiss (rapid)"]
[EventRounds "9"]
[EventCountry "IND"]
[SourceTitle "EXT 2024"]
[Source "ChessBase"]
[SourceDate "2023.10.10"]
[SourceVersion "1"]
[SourceVersionDate "2023.10.10"]
[SourceQuality "1"]

1. e4 e6 2. d4 d5 3. Nc3 Nf6 4. e5 Nfd7 5. f4 a6 6. Nf3 c5 7. Be3 Nc6 8. Be2 b5 9. 0-0 Be7 10. Kh1 0-0 11. Qe1 cxd4 12. Nxd4 Bb7 13. Rd1 Rc8 14. Bd3 Nc5 15. Nce2 Nxd3 16. Rxd3 Nb4 17. Rc3 Rxc3 18. bxc3 Nc6 19. Qg3 Kh8 20. f5 exf5 21. Nxf5 g6 22. Nh6 f6 23. exf6 Bxf6 24. Bc5 Be7 25. Nf7+ Rxf7 26. Rxf7 Bxc5 27. Rxb7 Qf8 28. Qf3 Qxf3 29. gxf3 Ne5 30. Kg2 Nc4 31. Nf4 Ne3+ 32. Kh3 Bd6 33. Ne6 Kg8 34. Rd7 Be5 35. Nd4 Nxc2 36. Nxc2 1-0

[Event "Johor op-A 7th"]
[Site "Johor"]
[Date "2022.12.28"]
[Round "4"]
[White "Banh, Gia Huy"]
[Black "Edithso, Samantha"]
[Result "1-0"]
[WhiteElo "2146"]
[BlackElo "1792"]
[PlyCount "101"]
[EventDate "2022.12.26"]
[EventType "swiss"]
[EventRounds "9"]
[EventCountry "MAS"]
[SourceTitle "CBM 212 Extra"]
[Source "ChessBase"]
[SourceDate "2023.03.31"]
[SourceVersion "1"]
[SourceVersionDate "2023.03.31"]
[SourceQuality "1"]

1. e4 e6 2. d4 d5 3. Nc3 Bb4 4. Nge2 Ne7 5. a3 Bxc3+ 6. Nxc3 0-0 7. Qd3 b6 8. Bf4 c5 9. 0-0-0 Ba6 10. Qg3 Bxf1 11. Rhxf1 cxd4 12. Rxd4 Nbc6 13. Rd2 d4 14. Ne2 f6 15. Qb3 Qd7 16. Rfd1 Na5 17. Qh3 Ng6 18. Rxd4 Qc6 19. Bd6 e5 20. Bxf8 exd4 21. Nxd4 Qxe4 22. Bd6 Rd8 23. Qe6+ Qxe6 24. Nxe6 Rd7 25. Bg3 Rxd1+ 26. Kxd1 Kf7 27. Nd4 Ne7 28. Bb8 Nac6 29. Nxc6 Nxc6 30. Bf4 Ke6 31. Kd2 b5 32. Kd3 Kd5 33. b3 a6 34. c4+ Ke6 35. cxb5 axb5 36. a4 bxa4 37. bxa4 Kd5 38. Kc3 g5 39. Be3 g4 40. Bb6 f5 41. a5 Ne7 42. Kd3 h5 43. a6 Kc6 44. a7 Kb7 45. Bd4 h4 46. g3 h3 47. Be3 Nc6 48. Bd4 Nb4+ 49. Ke2 Nc6 50. Ke3 Ka8 51. Bf6 1-0

[Event "Wch FIDE Online U12 Girls"]
[Site "Tornelo INT"]
[Date "2020.12.19"]
[Round "1.1"]
[White "Anupam, M Sreekumar"]
[Black "Edithso, Samantha"]
[Result "1/2-1/2"]
[WhiteElo "1798"]
[BlackElo "1792"]
[PlyCount "197"]
[EventDate "2020.12.19"]
[EventType "k.o. (rapid)"]
[EventRounds "4"]
[EventCountry "ISS"]
[SourceTitle "EXT 2022"]
[Source "ChessBase"]
[SourceDate "2021.10.06"]
[SourceVersion "1"]
[SourceVersionDate "2021.10.06"]
[SourceQuality "1"]

1. e4 c5 2. Nf3 d6 3. Bb5+ Bd7 4. Bxd7+ Qxd7 5. c4 Nc6 6. d4 cxd4 7. Nxd4 Nf6 8. Nc3 g6 9. h3 Bg7 10. Be3 0-0 11. 0-0 Rac8 12. b3 a6 13. Rc1 Nd8 14. Qf3 e5 15. Nde2 Ne6 16. Na4 Rc6 17. Nb6 Qd8 18. Nd5 Ne8 19. Ng3 Kh8 20. Qg4 h5 21. Qf3 Qh4 22. Rfe1 Nf6 23. Nxf6 Bxf6 24. Ne2 Bg7 25. Nc3 Rcc8 26. Qg3 Qd8 27. Nd5 Qe8 28. Bg5 f6 29. Bd2 Qf7 30. Qh4 Kg8 31. Qg3 Rce8 32. f4 f5 33. exf5 Qxf5 34. fxe5 Bxe5 35. Qh4 Qd3 36. Be3 Ng7 37. Rcd1 Qc2 38. Rd2 Qf5 39. Ne7+ Rxe7 40. Qxe7 Rf7 41. Qd8+ Rf8 42. Qh4 Bc3 43. Rde2 Bxe1 44. Qxe1 Qf7 45. Rf2 Qe6 46. Rxf8+ Kxf8 47. Qd2 Nf5 48. Bf4 Ke7 49. g4 hxg4 50. hxg4 Ng7 51. Kf2 Ne8 52. Kf3 Nf6 53. Qe3 Qxe3+ 54. Bxe3 Ke6 55. Bd4 Nh7 56. Kf4 g5+ 57. Ke4 Nf8 58. Be3 Nd7 59. Bxg5 Ne5 60. Kf4 Nd3+ 61. Kf3 Nb4 62. a4 Nc6 63. Be3 Ne5+ 64. Kg3 Nd3 65. g5 Kf5 66. Kh4 Ne5 67. Kh5 Ng6 68. Kh6 Ne5 69. Bd4 Nf7+ 70. Kg7 Nxg5 71. Bb6 Ke6 72. Kg6 Ne4 73. Be3 Nc3 74. Kg5 d5 75. cxd5+ Kxd5 76. Kf5 Nd1 77. Bd2 Nb2 78. Bc3 Nd3 79. Bd2 Nc5 80. b4 Nxa4 81. Kf4 Kc4 82. Ke4 Nc3+ 83. Ke5 Nd5 84. Kd6 Nxb4 85. Kc7 b5 86. Kb6 Kb3 87. Ka5 Nd5 88. Kxa6 Ka4 89. Kb7 Nb4 90. Kb6 Nd3 91. Kc6 Nb2 92. Kc5 Nc4 93. Be1 Ne5 94. Bc3 Nd3+ 95. Kd4 Nc1 96. Kd5 Ne2 97. Bd2 Kb3 98. Kc5 Ka4 99. Kd5 1/2-1/2

[Event "Wch FIDE Online U12 Girls"]
[Site "Tornelo INT"]
[Date "2020.12.19"]
[Round "1.2"]
[White "Edithso, Samantha"]
[Black "Anupam, M Sreekumar"]
[Result "0-1"]
[WhiteElo "1792"]
[BlackElo "1798"]
[PlyCount "70"]
[EventDate "2020.12.19"]
[EventType "k.o. (rapid)"]
[EventRounds "4"]
[EventCountry "ISS"]
[SourceTitle "EXT 2022"]
[Source "ChessBase"]
[SourceDate "2021.10.06"]
[SourceVersion "1"]
[SourceVersionDate "2021.10.06"]
[SourceQuality "1"]

1. e4 e5 2. Nf3 Nc6 3. Bc4 Bc5 4. c3 Nf6 5. d3 a6 6. 0-0 0-0 7. d4 Bd6 8. Qe2 h6 9. dxe5 Bxe5 10. Nh4 d5 11. exd5 Nxd5 12. g3 Nf6 13. Be3 Bg4 14. Qc2 Bd6 15. Nd2 Ne5 16. f3 Nxc4 17. Nxc4 Be6 18. Nd2 Re8 19. Rfe1 Qd7 20. Rad1 Qc6 21. Bf2 Bc5 22. Ne4 Nxe4 23. fxe4 Bg4 24. Rd2 Re6 25. Bxc5 Qxc5+ 26. Rf2 Rae8 27. Ng2 f5 28. b4 Qb6 29. Qb3 Kh8 30. Nf4 Rxe4 31. Ref1 Re1 32. Qf7 Qe3 33. Ng6+ Kh7 34. Nf8+ Rxf8 35. Qxf8 Rxf1+ 0-1

[Event "Fide Inter Con Cup U18"]
[Site "Tornelo INT"]
[Date "2020.10.10"]
[Round "3"]
[White "Edithso, Samantha"]
[Black "Pachari Meza, Luciana Maribel"]
[Result "1-0"]
[WhiteElo "1792"]
[BlackElo "1036"]
[PlyCount "25"]
[EventDate "2020.10.10"]
[EventType "swiss (rapid)"]
[EventRounds "6"]
[EventCountry "NET"]
[SourceTitle "EXT 2022"]
[Source "ChessBase"]
[SourceDate "2021.10.06"]
[SourceVersion "1"]
[SourceVersionDate "2021.10.06"]
[SourceQuality "1"]

1. e4 e5 2. Nf3 Nc6 3. Bc4 Bc5 4. c3 Nf6 5. d3 d6 6. h3 h6 7. 0-0 a6 8. Be3 Ba7 9. Nbd2 0-0 10. Nh2 Re8 11. Qf3 Kf8 12. Ng4 Nxg4 13. Qxf7# 1-0

[Event "Fide Inter Con Cup U18"]
[Site "Tornelo INT"]
[Date "2020.10.10"]
[Round "2"]
[White "Zhapova, Yana"]
[Black "Edithso, Samantha"]
[Result "0-1"]
[WhiteElo "1828"]
[BlackElo "1792"]
[PlyCount "134"]
[EventDate "2020.10.10"]
[EventType "swiss (rapid)"]
[EventRounds "6"]
[EventCountry "NET"]
[SourceTitle "EXT 2022"]
[Source "ChessBase"]
[SourceDate "2021.10.06"]
[SourceVersion "1"]
[SourceVersionDate "2021.10.06"]
[SourceQuality "1"]

1. e4 c5 2. Nf3 d6 3. Bb5+ Bd7 4. Bxd7+ Qxd7 5. c4 Nc6 6. Nc3 Nf6 7. d4 cxd4 8. Nxd4 g6 9. 0-0 Bg7 10. Nde2 0-0 11. f3 Rac8 12. b3 a6 13. a4 Qc7 14. Be3 Ne5 15. Rc1 e6 16. Qd2 Qe7 17. Rfd1 Rfd8 18. Bb6 Rd7 19. f4 Nc6 20. Kh1 Nb8 21. h3 h5 22. f5 exf5 23. exf5 Re8 24. fxg6 fxg6 25. Nf4 Qf7 26. Nfd5 Nxd5 27. Nxd5 Kh7 28. Rf1 Qg8 29. Bd4 Re6 30. Qd3 Nc6 31. Bxg7 Qxg7 32. Nf4 Re5 33. Nd5 Re6 34. Qf3 Ne5 35. Qg3 Rf7 36. Nf4 Ref6 37. Rf2 Qh6 38. Nd3 Rxf2 39. Nxf2 Qxc1+ 40. Kh2 Qf4 41. Qxf4 Rxf4 42. Kg3 Rf7 43. Ne4 Kg7 44. Nxd6 Rd7 45. c5 Nd3 46. Ne4 Rd4 47. Kf3 Rxe4 48. Kxe4 Nxc5+ 49. Kd5 Nxb3 50. Kd6 Kf6 51. Kd5 b6 52. Kc6 Nc5 53. Kxb6 Nxa4+ 54. Kxa6 Nc3 55. Kb6 Nd5+ 56. Kc5 Nf4 57. g4 Nxh3 58. gxh5 g5 59. Kd4 g4 60. Ke4 Kg5 61. Ke3 Kxh5 62. Ke4 g3 63. Kf3 Kh4 64. Kg2 Nf4+ 65. Kf3 g2 66. Kf2 Kh3 67. Kg1 Ne2+ 0-1

[Event "Penang op 10th"]
[Site "Penang"]
[Date "2018.12.08"]
[Round "9"]
[White "Tobing, Daniel Hermawan Lum"]
[Black "Edithso, Samantha"]
[Result "1-0"]
[WhiteElo "2107"]
[BlackElo "1862"]
[PlyCount "95"]
[EventDate "2018.12.03"]
[EventType "swiss"]
[EventRounds "9"]
[EventCountry "MAS"]
[SourceTitle "CBM 187 Extra"]
[Source "ChessBase"]
[SourceDate "2018.11.04"]
[SourceVersion "1"]
[SourceVersionDate "2018.11.04"]
[SourceQuality "1"]

1. e4 c5 2. Nf3 d6 3. d4 cxd4 4. Nxd4 Nf6 5. Nc3 a6 6. Bg5 e6 7. f4 Be7 8. Qf3 Qc7 9. 0-0-0 Nbd7 10. Bd3 b5 11. Rhe1 Bb7 12. Qg3 0-0-0 13. Bxf6 gxf6 14. Qg7 Rdf8 15. Nxe6 fxe6 16. Qxe7 Nc5 17. Qxc7+ Kxc7 18. b4 Nd7 19. Ne2 e5 20. fxe5 fxe5 21. Ng3 Rf2 22. Rd2 Rhf8 23. Ree2 R2f4 24. c4 bxc4 25. Bxc4 Nf6 26. Bd3 Kd7 27. Bc2 Rc8 28. Kb2 Rc4 29. Kb3 Rxc2 30. Kxc2 Nxe4 31. Nxe4 Bxe4+ 32. Kb3 Ke6 33. g3 Rf3+ 34. Kb2 Bc6 35. Rf2 e4 36. Rxf3 exf3 37. Kc3 Bb5 38. Kd4 Be2 39. Ke3 Ke5 40. a4 d5 41. a5 h5 42. h3 Kd6 43. g4 hxg4 44. hxg4 Bc4 45. Kxf3 Kc6 46. g5 Kb5 47. g6 Ka4 48. Rd4 1-0

[Event "Penang op 10th"]
[Site "Penang"]
[Date "2018.12.07"]
[Round "8"]
[White "Edithso, Samantha"]
[Black "Muzzafar, Ahmad"]
[Result "1-0"]
[WhiteElo "1862"]
[BlackElo "1785"]
[PlyCount "63"]
[EventDate "2018.12.03"]
[EventType "swiss"]
[EventRounds "9"]
[EventCountry "MAS"]
[SourceTitle "CBM 187 Extra"]
[Source "ChessBase"]
[SourceDate "2018.11.04"]
[SourceVersion "1"]
[SourceVersionDate "2018.11.04"]
[SourceQuality "1"]

1. e4 c5 2. Nf3 d6 3. d4 cxd4 4. Nxd4 Nf6 5. f3 g6 6. c4 Bg7 7. Nc3 Nc6 8. Be3 0-0 9. Qd2 Nxd4 10. Bxd4 Be6 11. Be2 Qa5 12. 0-0 Rfc8 13. b3 a6 14. Qe3 Nd7 15. Bxg7 Kxg7 16. Kh1 b5 17. Nd5 Bxd5 18. exd5 Nf6 19. f4 bxc4 20. bxc4 Qc5 21. Qh3 Rab8 22. Bd3 Rb2 23. f5 g5 24. Qg3 h6 25. Rae1 Rc7 26. h4 g4 27. Re4 h5 28. Qf4 Nxe4 29. f6+ Nxf6 30. Qg5+ Kf8 31. Qh6+ Kg8 32. Rf5 1-0

[Event "Penang op 10th"]
[Site "Penang"]
[Date "2018.12.07"]
[Round "7"]
[White "Ng, Sheng Feng"]
[Black "Edithso, Samantha"]
[Result "1-0"]
[WhiteElo "2096"]
[BlackElo "1862"]
[PlyCount "59"]
[EventDate "2018.12.03"]
[EventType "swiss"]
[EventRounds "9"]
[EventCountry "MAS"]
[SourceTitle "CBM 187 Extra"]
[Source "ChessBase"]
[SourceDate "2018.11.04"]
[SourceVersion "1"]
[SourceVersionDate "2018.11.04"]
[SourceQuality "1"]

1. d4 Nf6 2. c4 g6 3. Nc3 Bg7 4. e4 d6 5. Nf3 0-0 6. Be2 e5 7. dxe5 dxe5 8. Qxd8 Rxd8 9. Bg5 Re8 10. 0-0-0 c6 11. Nxe5 Na6 12. Nf3 Bg4 13. Bd3 Nc5 14. Rhe1 Ne6 15. Be3 b6 16. Be2 Rad8 17. h3 Bxf3 18. Bxf3 Nd7 19. Be2 Nec5 20. Kc2 Bxc3 21. Kxc3 Nxe4+ 22. Kc2 c5 23. Bf3 Ndf6 24. g4 Nd6 25. Bg5 Rxe1 26. Rxe1 Kg7 27. Rd1 h6 28. Bf4 Nfe8 29. Bc6 Rc8 30. Bd7 1-0

[Event "Penang op 10th"]
[Site "Penang"]
[Date "2018.12.04"]
[Round "2"]
[White "Foo, Jing Er Claire"]
[Black "Edithso, Samantha"]
[Result "0-1"]
[WhiteElo "1554"]
[BlackElo "1862"]
[PlyCount "77"]
[EventDate "2018.12.03"]
[EventType "swiss"]
[EventRounds "9"]
[EventCountry "MAS"]
[SourceTitle "CBM 187 Extra"]
[Source "ChessBase"]
[SourceDate "2018.11.04"]
[SourceVersion "1"]
[SourceVersionDate "2018.11.04"]
[SourceQuality "1"]

1. d4 Nf6 2. e3 g6 3. f4 Bg7 4. Nf3 d5 5. Bd3 0-0 6. 0-0 Nc6 7. c3 h6 8. Bd2 Nh7 9. Ne5 Nxe5 10. fxe5 Be6 11. Be1 c5 12. Kh1 Qd7 13. Bh4 b5 14. Nd2 Bg4 15. Nf3 c4 16. Bc2 f5 17. exf6 Bxf6 18. Qe1 Kg7 19. Bxf6+ exf6 20. Nh4 f5 21. h3 Bh5 22. Qg3 Ng5 23. Nxf5+ gxf5 24. h4 Bg4 25. hxg5 hxg5 26. Qe5+ Rf6 27. e4 dxe4 28. Bxe4 Re8 29. Qd5 fxe4 30. Qxg5+ Rg6 31. Qf4 Bf3 32. Rf2 Qh3+ 33. Qh2 Qxh2+ 34. Kxh2 Rh8+ 35. Kg1 Rgh6 36. gxf3 Rh1+ 37. Kg2 exf3+ 38. Rxf3 Rxa1 39. a3 0-1

[Event "Wch U10 Girls"]
[Site "Santiago de Compostela"]
[Date "2018.11.12"]
[Round "8"]
[White "Edithso, Samantha"]
[Black "Vlasova, Olesia"]
[Result "1-0"]
[WhiteElo "1879"]
[BlackElo "1639"]
[PlyCount "131"]
[EventDate "2018.11.04"]
[EventType "swiss"]
[EventRounds "11"]
[EventCountry "ESP"]
[SourceTitle "EXT 2022"]
[Source "ChessBase"]
[SourceDate "2021.10.06"]
[SourceVersion "1"]
[SourceVersionDate "2021.10.06"]
[SourceQuality "1"]

1. e4 c5 2. c3 e6 3. d4 d5 4. exd5 exd5 5. Nf3 Nc6 6. dxc5 Bxc5 7. Be2 Nf6 8. 0-0 0-0 9. Bg5 Be6 10. Nbd2 h6 11. Bh4 Be7 12. Nb3 Qb6 13. Nfd4 Ne5 14. Kh1 Nc4 15. Qc2 Rac8 16. Rae1 Rfe8 17. Bd3 Bd7 18. Bf5 Bxf5 19. Qxf5 Rcd8 20. Bxf6 Qxf6 21. Qc2 Bd6 22. Nf5 Bb8 23. Nc5 Qc6 24. b4 Qc7 25. g3 b6 26. Na6 Qb7 27. Nxb8 Rxb8 28. Nd4 Qc7 29. Qd3 Nd6 30. Rc1 Qc4 31. Qxc4 dxc4 32. Kg2 Rb7 33. a4 Rbe7 34. Rfd1 Ne4 35. a5 Rd7 36. f3 Nf6 37. axb6 axb6 38. Kf2 Rde7 39. Re1 Nd5 40. Rxe7 Rxe7 41. Nb5 Nc7 42. Nxc7 Rxc7 43. Rd1 Ra7 44. Rd4 b5 45. Rd8+ Kh7 46. Ke3 Ra2 47. Rd2 Ra1 48. Kd4 Rc1 49. f4 h5 50. Re2 Kg6 51. Re5 Rd1+ 52. Kc5 Rd3 53. Kxb5 Rxc3 54. Rc5 Rc2 55. Rxc4 Rxh2 56. Rc3 Rb2 57. Kc4 Rb1 58. b5 Kh7 59. Kc5 g6 60. Kc6 Re1 61. b6 Re6+ 62. Kb7 Kg7 63. Ka7 Re1 64. b7 Ra1+ 65. Kb6 Rb1+ 66. Kc7 1-0

[Event "Olympiad Women-43"]
[Site "Batumi"]
[Date "2018.09.24"]
[Round "1.48"]
[White "Edithso, Samantha"]
[Black "Gebretsadkan, Merhawit Brhane"]
[Result "1-0"]
[WhiteElo "1805"]
[BlackElo "1408"]
[PlyCount "91"]
[EventDate "2018.09.24"]
[EventType "team-swiss"]
[EventRounds "11"]
[EventCountry "GEO"]
[SourceTitle "EXT 2020"]
[Source "ChessBase"]
[SourceDate "2019.10.17"]
[SourceVersion "1"]
[SourceVersionDate "2019.10.17"]
[SourceQuality "1"]
[WhiteTeam "Indonesia (W)"]
[BlackTeam "Ethiopia (W)"]
[WhiteTeamCountry "INA"]
[BlackTeamCountry "ETH"]

1. e4 c5 2. Nf3 Nc6 3. d4 cxd4 4. Nxd4 g6 5. Nc3 Bg7 6. Be3 e6 7. Ndb5 Bf8 8. Bf4 e5 9. Be3 a6 10. Nd6+ Bxd6 11. Qxd6 Qe7 12. Qd2 d6 13. Nd5 Qd8 14. Bb6 Qh4 15. Nc7+ Kd7 16. 0-0-0 Qe7 17. Nxa8 Nf6 18. Be3 Nxe4 19. Nb6+ Kd8 20. Qd5 Bf5 21. g4 Nf6 22. Qxd6+ Qxd6 23. Rxd6+ Ke7 24. Bc5 Ne4 25. Rxc6+ Kd8 26. gxf5 bxc6 27. Be3 gxf5 28. Bg2 Nd6 29. Bxc6 Kc7 30. Bf3 f4 31. Nd5+ Kd7 32. Bc5 Nf5 33. Bg4 Ke6 34. Ne7 Kf6 35. Bxf5 h5 36. Rd1 Rb8 37. h4 Rb5 38. b4 a5 39. a4 Rb7 40. bxa5 Rc7 41. Nd5+ Kg7 42. Nxc7 Kf6 43. a6 f3 44. a7 e4 45. a8Q e3 46. Qh8+ 1-0

[Event "Minsk Amateur op"]
[Site "Minsk"]
[Date "2018.07.01"]
[Round "9"]
[White "Edithso, Samantha"]
[Black "Cherepov, Alexej"]
[Result "0-1"]
[WhiteElo "1714"]
[BlackElo "2175"]
[PlyCount "46"]
[EventDate "2018.06.25"]
[EventType "swiss"]
[EventRounds "9"]
[EventCountry "BLR"]
[SourceTitle "CBM 185 Extra"]
[Source "ChessBase"]
[SourceDate "2018.07.29"]
[SourceVersion "1"]
[SourceVersionDate "2018.07.29"]
[SourceQuality "1"]

1. e4 Nf6 2. e5 Nd5 3. d4 d6 4. c4 Nb6 5. f4 dxe5 6. fxe5 Nc6 7. Be3 Bf5 8. Nc3 e6 9. Nf3 Bg4 10. c5 Nd5 11. Nxd5 Qxd5 12. Bb5 0-0-0 13. Bxc6 Qxc6 14. Qe2 Be7 15. 0-0 f6 16. b4 fxe5 17. dxe5 Qe4 18. a3 Rhf8 19. Rf2 Rd3 20. Re1 Bh4 21. Nxh4 Bxe2 22. Rxf8+ Kd7 23. Rxe2 Rxe3 0-1

[Event "Minsk Amateur op"]
[Site "Minsk"]
[Date "2018.06.28"]
[Round "6"]
[White "Edithso, Samantha"]
[Black "Kuryshkin, Anatoliy"]
[Result "1-0"]
[WhiteElo "1714"]
[BlackElo "1972"]
[PlyCount "77"]
[EventDate "2018.06.25"]
[EventType "swiss"]
[EventRounds "9"]
[EventCountry "BLR"]
[SourceTitle "CBM 185 Extra"]
[Source "ChessBase"]
[SourceDate "2018.07.29"]
[SourceVersion "1"]
[SourceVersionDate "2018.07.29"]
[SourceQuality "1"]

1. e4 e5 2. Nf3 Nc6 3. Bc4 Nf6 4. d3 Bc5 5. 0-0 0-0 6. Bg5 h6 7. Bh4 d6 8. h3 g5 9. Bg3 Na5 10. Bb3 Nxb3 11. axb3 Nh5 12. Bh2 Nf4 13. Bxf4 exf4 14. d4 Bb6 15. Nh2 f5 16. Nc3 fxe4 17. Nxe4 Bf5 18. Nc3 Qf6 19. Nd5 Qg7 20. Re1 Rae8 21. Qh5 Bg6 22. Qf3 Bxd4 23. c3 Rxe1+ 24. Rxe1 Be5 25. Ng4 c6 26. Nb4 h5 27. Nxe5 dxe5 28. Qe2 e4 29. Qc4+ Qf7 30. Qc5 g4 31. h4 Qf6 32. Rd1 g3 33. Rd6 Rd8 34. Qc4+ Kg7 35. Rxf6 Rd1+ 36. Qf1 gxf2+ 37. Kxf2 e3+ 38. Ke2 Rd2+ 39. Ke1 1-0